Minor Spongebob Characters - Statistics

General Stats
  • This quiz has been taken 54 times
  • The average score is 2 of 45
Answer Stats
Characters % Correct
Fred
86%
Harold
25%
Doodlebob
14%
Nat Peterson
14%
Alaskan Bull Worm
11%
Bubble Buddy
11%
Tom
8%
Angry Jack
6%
Jim
6%
Stanley Squarepants
6%
Cyclops
3%
Don the Whale
3%
Mrs. Tentacles
3%
Officer Nancy
3%
Princess Mindy
3%
Prince Triton
3%
Queen Amphitrite
3%
Sea Bear
3%
Tattletale Strangler
3%
What Zit Tooya
3%
Blackjack Squarepants
0%
Bubbles
0%
Burger-Beard the Pirate
0%
Craig Mammalton
0%
Dennis
0%
Flats the Flounder
0%
Gene Scallop
0%
Gordon
0%
Grandpa Redbeard
0%
Granny
0%
Hash Slinging Slasher
0%
Herb Star
0%
Jack Kahuna Laguna
0%
Lord Royal Highness
0%
Margie Star
0%
Master Udon
0%
Monty P Moneybags
0%
Nicholas Withers
0%
Painty the Pirate
0%
Sea Monster
0%
Sergeant Roderick
0%
Sharkface
0%
The Moth
0%
Warden
0%
Yeti Crab
0%
No matching quizzes found
Score Distribution
Percent of People with Each Score
Percentile by Number Answered
Your Score History
You have not taken this quiz